Teoría del conocimiento
-д хадгалсан:
| Үндсэн зохиолч: | |
|---|---|
| Формат: | Ном |
| Хэл сонгох: | испани |
| Хэвлэсэн: |
Lima
Quinto Sol
1900
|
| Нөхцлүүд: | |
| Шошгууд: |
Шошго нэмэх
Шошго байхгүй, Энэхүү баримтыг шошголох эхний хүн болох!
|
MARC
| LEADER | 00000nam a2200000 a 4500 | ||
|---|---|---|---|
| 001 | UCX1734 | ||
| 003 | CL-VaPUC | ||
| 008 | 901026e19000000PE |||||||||||||||||spa|d | ||
| 082 | 0 | 4 | |a 121 |b HES |2 21 |
| 100 | |a Hessen, Johannes |e autor |9 597453 | ||
| 245 | 1 | 0 | |a Teoría del conocimiento |
| 300 | |a 149 p | ||
| 942 | |c BK | ||
| 945 | |d 19901026 00:00:00 | ||
| 260 | |a Lima |b Quinto Sol |c 1900 | ||
| 650 | 0 | |a Teoría del conocimiento |9 255038 | |
| 583 | |a last modification |c 20120708 09:59:18 |k Rodrigo Vera | ||
| 999 | |c 222902 |d 222900 | ||
| 952 | |0 0 |1 2 |4 0 |6 121_000000000000000_HES_1900 |7 0 |8 A |9 218198 |a BIBTEO |b BIBTEO |d 2019-11-15 |i 2870363 |o 121 HES 1900 |p 2870363 |r 2019-11-15 |w 2019-11-15 |y BK |k ICR | ||
| 952 | |0 0 |1 0 |4 0 |6 121_000000000000000_HES_1900 |7 0 |8 A |9 218199 |a BIBTEO |b BIBTEO |d 2019-11-15 |i 2870371 |o 121 HES 1900 |p 2870371 |r 2025-01-17 |w 2019-11-15 |y BK |k ICR | ||